|
|
|
|
| LEADER |
00000nam0a2200000 4500 |
| 001 |
253925 |
| 005 |
20231101232905.0 |
| 010 |
|
|
|a 9785160069296
|
| 035 |
|
|
|a (RuTPU)RU\TPU\book\276345
|
| 090 |
|
|
|a 253925
|
| 100 |
|
|
|a 20140318d2014 k y0rusy50 ca
|
| 101 |
0 |
|
|a rus
|
| 102 |
|
|
|a RU
|
| 105 |
|
|
|a y z 001zy
|
| 200 |
1 |
|
|a Аспиранты России: отбор, подготовка к самостоятельной научной и педагогической деятельности
|e монография
|f С. Д. Резник, С. Н. Макарова, Е. С. Джевицкая
|g под ред. С. Д. Резника
|
| 205 |
|
|
|a 2-е изд., перераб. и доп.
|
| 210 |
|
|
|a Москва
|c Инфра-М
|d 2014
|
| 215 |
|
|
|a 235 с.
|
| 225 |
1 |
|
|a Научная мысль
|
| 225 |
1 |
|
|a Образование
|
| 320 |
|
|
|a Библиогр.: с. 221-231.
|
| 330 |
|
|
|a Рассмотрены система послевузовской подготовки научно-педагогических кадров, нормативно-правовое и научно-методическое обеспечение системы формирования и подготовки аспирантов высших учебных заведений. Особое внимание уделено отбору студентов высших учебных заведений в аспирантуру и организации научно-педагогической деятельности аспирантов. Освещены вопросы организации работы аспирантуры вуза, оценки ее эффективности. Представлены результаты мониторинга состава и деятельности аспирантов высших учебных заведений, научных руководителей аспирантов вузов, а также результаты опроса экспертов по проблеме повышения эффективности системы формирования научно-педагогических кадров. Значительное внимание уделено механизмам интенсификации и повышению качества обучения аспирантов российских вузов. Для аспирантов, их научных руководителей, а также для всех, кто интересуется вопросами диссертационного менеджмента.
|
| 606 |
1 |
|
|a Аспиранты
|x Подготовка
|2 stltpush
|3 (RuTPU)RU\TPU\subj\71610
|9 85436
|
| 610 |
1 |
|
|a высшая школа
|
| 610 |
1 |
|
|a ученые
|
| 610 |
1 |
|
|a педагогическая деятельность
|
| 610 |
1 |
|
|a аттестация
|
| 610 |
1 |
|
|a студенты
|
| 610 |
1 |
|
|a аспирантура
|
| 610 |
1 |
|
|a высшие учебные заведения
|
| 610 |
1 |
|
|a научная деятельность
|
| 610 |
1 |
|
|a научное руководство
|
| 610 |
1 |
|
|a квалификация
|
| 610 |
1 |
|
|a молодые ученые
|
| 610 |
1 |
|
|a отбор
|
| 610 |
1 |
|
|a научно-педагогические кадры
|
| 610 |
1 |
|
|a учебные процессы
|
| 610 |
1 |
|
|a эффективность
|
| 610 |
1 |
|
|a нормативно-правовое обеспечение
|
| 610 |
1 |
|
|a монографии
|
| 610 |
1 |
|
|a повышение
|
| 686 |
|
|
|a Ч216(2)24
|v LBC/SL-A
|2 rubbk
|
| 700 |
|
1 |
|a Резник
|b С. Д.
|g Семен Давыдович
|
| 701 |
|
1 |
|a Макарова
|b С. Н.
|g Светлана Николаевна
|
| 701 |
|
1 |
|a Джевицкая
|b Е. С.
|g Екатерина Сергеевна
|
| 702 |
|
1 |
|a Резник
|b С. Д.
|g Семен Давыдович
|4 340
|
| 801 |
|
1 |
|a RU
|b 63413507
|c 20140318
|
| 801 |
|
2 |
|a RU
|b 63413507
|c 20180202
|g RCR
|
| 942 |
|
|
|c BK
|
| 959 |
|
|
|a 51/20140317
|d 2
|e 349,90
|f ЧЗГЛ:1
|f АНЛ:1
|